000 00753nam a2200253Ia 4500
003 OSt
005 20220928110409.0
006 a|||||r|||| 00| 0
007 ta
008 220927b |||||||| |||| 00| 0 eng d
020 _c350
024 _a127278
037 _b4522, 24/11/2015, Meharchand Lachhmandas Publicaitons
_cTextual
040 _aSDCL
_cSDCL
_beng
041 _2eng
_aeng
082 _aQ1:240K415, M1;1
100 _aSingh S. P.
_9374573
245 0 _aUpanisadic symbolism
260 _aDelhi
_bMeharchand
_c1981
300 _a475p
_ccm.
650 _aSanskrit
_9391587
942 _hQ1:240K415, M1;1
_cTEXL
_2CC
999 _c735421
_d735421